Na mieste činu /

Hlavní autor: Rajský, Milan, 1924-
Jazyk: Slovenština
Vydáno: Bratislava : Príroda, 1977
Vydání: Vyd. 1.
Edice: Trofeje
Témata:
Fyzický popis: 218 s. : il. ; 21 cm
Knihy
Uloženo v:
LEADER 00951nam a2200325 a 4500
001 001324041
003 CZ BrMZK
005 20130930102841.0
007 ta
008 130906s1977 xo a g 000 j slo
020 |q (Váz.) 
040 |a BOA001  |b cze 
080 |a 821.162.4-32  |2 MRF 
080 |a 639.1.092  |2 MRF 
080 |a 639.1  |2 MRF 
080 |a (0:82-32)  |2 MRF 
100 1 |a Rajský, Milan,  |d 1924-  |7 ola2002108095  |4 aut 
245 1 0 |a Na mieste činu /  |c Milan Rajský 
250 |a Vyd. 1. 
260 |a Bratislava :  |b Príroda,  |c 1977 
300 |a 218 s. :  |b il. ;  |c 21 cm 
490 1 |a Trofeje ;  |v 15 
650 0 7 |a pytláctví  |7 ph124842  |2 czenas 
650 0 7 |a myslivost  |7 ph115386  |2 czenas 
655 7 |a slovenské příběhy  |7 fd183398  |2 czenas 
830 0 |a Trofeje 
910 |a BOA001  |b 2-1309.698 
990 |a BK 
991 |b 201309  |e b 
996 6 |b 2610560951  |c 2-1309.698  |l MZK  |r Sklad / do 1 hodiny  |n 0  |p dar  |w 001359358  |u 000010  |a 1  |e BOA001  |j MZK50  |s P